| 000 | 00774nam a2200289Ia 4500 | ||
|---|---|---|---|
| 001 | 17835 | ||
| 005 | 20240113235819.0 | ||
| 007 | ta | ||
| 008 | 170805s1972 ii g b000 u 465 u | ||
| 040 | _aCotton College,Assam | ||
| 041 | _a465 | ||
| 082 |
_a320.954 _bH 198 In |
||
| 100 | _aHanson, A.H. . | ||
| 245 | 0 |
_aIndia`s Democracy / _cA.H.Hanson & Janet Douglas. _hTextual Documents |
|
| 250 | _a1st ed. / | ||
| 260 |
_aNew Delhi : _bVikas Publishing House Pvt. Ltd. , _c1972. |
||
| 300 |
_axii,234p. ; _c23cm. |
||
| 504 | _aIndex | ||
| 653 | _aDemocracy-India | ||
| 653 | _aG-Political Science | ||
| 653 | _aT/G-Political Science | ||
| 700 | _aDouglas, Janet . | ||
| 942 |
_2ddc _cBK |
||
| 999 |
_c17817 _d17817 |
||